000 00350nam a22001577a 4500
003 SGT
020 _a978--0-19-946821-8
082 _a614.4
_bE16R
100 _aROTHMAN,KENNETH.J.
245 _aEPIDEMIOLOGY AN INTRODUCTION
250 _a2ND
260 _aNEW DELHI
_bOXFORD PUB
_c2016
300 _a268
650 _aAYURVEDA
942 _2ddc
_cBK
_02
999 _c14940
_d14940